| 000 | 00505nam a2200157 i 4500 | ||
|---|---|---|---|
| 001 | 140699 | ||
| 003 | ES-MaACL | ||
| 007 | t| | ||
| 008 | 070914s1953 sp ||||1| spa d | ||
| 100 | 1 |
_aWellek, René. _9116442 |
|
| 245 | 1 | 0 |
_aTeoría literaria / _cRené Wellek y Agustín Warren ; [traducción del inglés por José Mª Gimeno Capella]. |
| 260 |
_aMadrid : _bGredos, _c[1953] |
||
| 300 |
_a541 p. ; _c20 cm. |
||
| 700 | 1 |
_aGimeno Capella, José María. _957086 |
|
| 852 |
_aES-MaACL _jC-8972 _bR.36853 |
||
| 999 |
_c140699 _d140699 |
||